[Event "AUTO-INT-1557"]
[Site "http://www.queenalice.com/game.php?id=702165"]
[Date "2009.12.23"]
[Round "1"]
[White "yugioh1"]
[Black "marcotul"]
[Result "1-0"]
[WhiteElo "1464"]
[BlackElo "1481"]

1. e4 e5 2. Nf3 Nc6 3. Bc4 Nd4 4. Nxd4 exd4 5. O-O Bc5 6. Qh5 g6 7. Qxc5 Qf6 8.
Qd5 c6 9. Qa5 Nh6 10. d3 b6 11. Qb4 c5 12. Qb5 Ng4 13. Bd5 Qh4 14. h3 a6 15.
Qxb6 O-O 16. hxg4 1-0

[Event "AUTO-INT-1557"]
[Site "http://www.queenalice.com/game.php?id=702166"]
[Date "2009.12.23"]
[Round "1"]
[White "marcotul"]
[Black "soutricolor2007"]
[Result "0-1"]
[WhiteElo "1352"]
[BlackElo "1713"]

1. e4 e5 2. Nc3 d6 3. Nd5 Be6 4. Ne3 Nf6 5. Bc4 Bxc4 6. Nxc4 Be7 7. Na5 b6 8.
Nc4 O-O 9. Nf3 h6 10. O-O Nc6 11. d4 exd4 12. Nxd4 Nxd4 13. Qxd4 Qd7 14. f4 d5
15. exd5 Qxd5 16. Qe3 Qxc4 17. Qxe7 Qxc2 18. f5 Qe4 19. Qxc7 Nd5 0-1

[Event "AUTO-INT-1557"]
[Site "http://www.queenalice.com/game.php?id=702167"]
[Date "2009.12.23"]
[Round "1"]
[White "soutricolor2007"]
[Black "marcotul"]
[Result "1-0"]
[WhiteElo "1715"]
[BlackElo "1350"]

1. e4 Nf6 2. Nc3 d5 3. exd5 e6 4. dxe6 fxe6 5. d4 Nc6 6. Nf3 e5 7. dxe5 Ng4 8.
Bf4 Bc5 9. Bg3 Qe7 10. Be2 O-O 11. h3 Bb4 12. a3 Bc5 13. hxg4 Bxg4 14. O-O Rae8
15. Bc4+ Kh8 16. Bh4 Qf7 17. Bxf7 Rxf7 18. Ne4 Rxe5 19. Nxc5 1-0

[Event "AUTO-OPEN-1809"]
[Site "http://www.queenalice.com/game.php?id=702296"]
[Date "2009.12.23"]
[Round "1"]
[White "marcotul"]
[Black "Garuzinho"]
[Result "0-1"]
[WhiteElo "1410"]
[BlackElo "1578"]

1. e4 e5 2. d3 h6 3. Nf3 d6 4. d4 Qe7 5. Bb5+ Bd7 6. Bc4 a6 7. O-O Nc6 8. d5 Nd4
9. Nxd4 exd4 10. Qxd4 Nf6 11. Nc3 O-O-O 12. Be3 g5 13. Qa7 Bg4 14. f3 Bh5 15.
Qa8+ Kd7 16. Qxb7 Bg7 17. Qxa6 Ke8 18. Qc6+ Nd7 19. e5 dxe5 20. f4 exf4 21. Qxc7
Qxe3+ 22. Rf2 Bxc3 23. bxc3 g4 24. Kf1 g3 25. hxg3 fxg3 26. Rf3 Bxf3 27. gxf3
Qf2# 0-1

[Event "AUTO-OPEN-1809"]
[Site "http://www.queenalice.com/game.php?id=702297"]
[Date "2009.12.23"]
[Round "1"]
[White "Garuzinho"]
[Black "marcotul"]
[Result "1-0"]
[WhiteElo "1618"]
[BlackElo "1348"]

1. e4 e5 2. a3 Nc6 3. Nf3 Nf6 4. d3 Nd4 5. Nxd4 d5 6. Nf3 dxe4 7. Nxe5 Bd6 8.
Bf4 O-O 9. h3 b6 10. Be2 Re8 11. Nc6 Qd7 12. Bxd6 Qxc6 13. Bb4 e3 14. fxe3 Qxg2
15. Kd2 Bxh3 16. Nc3 c5 17. Rg1 Qf2 18. Bxc5 bxc5 19. Kc1 Qxe3+ 20. Kb1 Qd4 21.
Nb5 Qa4 22. Nc7 Rab8 23. Nxe8 Qxe8 24. Ka2 Qb5 25. Rb1 Be6+ 26. b3 Nd5 27. Qe1
Ne3 28. d4 c4 29. Bxc4 Nxc4 30. Qg3 Nd2 31. Rb2 1-0

[Event "AUTO-OPEN-1809"]
[Site "http://www.queenalice.com/game.php?id=702298"]
[Date "2009.12.23"]
[Round "1"]
[White "marcotul"]
[Black "fgoliveira"]
[Result "0-1"]
[WhiteElo "1449"]
[BlackElo "1332"]

1. e4 e5 2. Nc3 Qf6 3. Nf3 Bc5 4. Nd5 Qc6 5. Nc3 a6 6. Nd5 d6 7. Bc4 Be6 8. Ng5
Ne7 9. Qh5 g6 10. Qh6 Nxd5 11. Qg7 Rf8 0-1

[Event "AUTO-OPEN-1809"]
[Site "http://www.queenalice.com/game.php?id=702299"]
[Date "2009.12.23"]
[Round "1"]
[White "fgoliveira"]
[Black "marcotul"]
[Result "1-0"]
[WhiteElo "1353"]
[BlackElo "1428"]

1. d4 d6 2. e3 e5 3. Bc4 Nf6 4. Qf3 Bg4 5. Qxb7 Nbd7 6. Qb3 Ne4 7. g3 Qf6 8. h3
Nb6 9. Bb5+ Bd7 10. g4 Qxf2+ 11. Kd1 O-O-O 12. Nd2 1-0

[Event "AUTO-INT-1617"]
[Site "http://www.queenalice.com/game.php?id=734699"]
[Date "2010.2.19"]
[Round "1"]
[White "Korchnoico"]
[Black "marcotul"]
[Result "1-0"]
[WhiteElo "1707"]
[BlackElo "1397"]

1. c4 e5 2. Nc3 d6 3. e4 Nf6 4. d3 Nc6 5. Nf3 Nd4 6. Nxd4 exd4 7. Ne2 Ng4 8. h3
Ne5 9. f4 Nc6 10. g3 Nb4 11. a3 Nc6 12. Bg2 h5 13. Qb3 Be6 14. f5 Na5 15. Qd1
Bd7 16. h4 Qf6 17. Nf4 d5 18. Nxd5 Qd6 19. Bf4 Qc5 20. b4 Qc6 21. bxa5 Qa6 22.
Nxc7+ Kd8 23. Nxa6 Rc8 24. Bh3 bxa6 25. g4 hxg4 26. Bxg4 g6 27. fxg6 fxg6 28.
Bg5+ Be7 29. Bxe7+ 1-0

[Event "AUTO-INT-1617"]
[Site "http://www.queenalice.com/game.php?id=734700"]
[Date "2010.2.19"]
[Round "1"]
[White "marcotul"]
[Black "Korchnoico"]
[Result "0-1"]
[WhiteElo "1393"]
[BlackElo "1711"]

1. e4 c5 2. d4 cxd4 3. Qxd4 Nc6 4. Qc4 e6 5. Nf3 a6 6. Bg5 f6 7. Bh4 Qa5+ 8. b4
Qxb4+ 9. Nbd2 Qxc4 10. Bxc4 b5 11. Bd3 g5 12. Bg3 h5 13. c4 bxc4 14. Nxc4 h4 15.
Bd6 Bxd6 16. Nxd6+ Ke7 17. Nc4 Rb8 18. Rb1 Rxb1+ 19. Bxb1 e5 20. Nb6 Bb7 21.
Nd5+ Ke6 22. O-O g4 23. Nc7+ Kd6 24. Ne8+ Ke7 25. Ng7 gxf3 26. gxf3 Rh7 27. Nf5+
Ke6 28. Ne3 Nd4 0-1

[Event "AUTO-OPEN-1887"]
[Site "http://www.queenalice.com/game.php?id=734840"]
[Date "2010.2.20"]
[Round "1"]
[White "marcotul"]
[Black "Fhassuo"]
[Result "0-1"]
[WhiteElo "1341"]
[BlackElo "1407"]

1. e4 e5 2. d3 Nc6 3. Nf3 Bc5 4. c3 Nf6 5. Be3 Bxe3 6. fxe3 d5 7. c4 dxe4 8.
dxe4 Qxd1+ 9. Kxd1 Nxe4 10. Bd3 Nf2+ 11. Ke2 Nxh1 12. Nc3 f5 13. Ng5 e4 14. Bc2
Nb4 15. Ba4+ c6 0-1

[Event "AUTO-OPEN-1887"]
[Site "http://www.queenalice.com/game.php?id=734876"]
[Date "2010.2.20"]
[Round "1"]
[White "AG1"]
[Black "marcotul"]
[Result "1-0"]
[WhiteElo "1777"]
[BlackElo "1343"]

1. e4 e5 2. Nf3 Nc6 3. Bb5 Nd4 4. Nxd4 exd4 5. O-O Nf6 6. d3 c6 7. Ba4 b5 8. Bb3
d5 9. exd5 cxd5 10. Re1+ Be6 11. Bg5 h5 12. Bxf6 Qxf6 13. Bxd5 Rd8 14. Bc6+ Ke7
15. Bxb5 Rd5 16. Bc4 Rf5 17. Bxe6 1-0